header

An introduction to islamic finance (Record no. 131805)

MARC details
000 -LEADER
fixed length control field 01368nam a2200361Ia 4500
100 1# - MAIN ENTRY--AUTHOR NAME
Personal name Iqbal, Zamir.
245 13 - TITLE STATEMENT
Title An introduction to islamic finance
250 ## - EDITION STATEMENT
Edition statement 2nd ed.
260 ## - PUBLICATION, DISTRIBUTION, ETC. (IMPRINT)
Place of publication Singapore :
Name of publisher John Wiley & Sons,
Year of publication c2011.
300 ## - PHYSICAL DESCRIPTION
Number of Pages xiv, 406 p. :
Other physical details ill.
490 1# - SERIES STATEMENT
Series statement Wiley finance
650 #0 - SUBJECT ADDED ENTRY--TOPICAL TERM
Topical Term Finance
Topical Term Finance
Topical Term Financial institutions
700 1# - ADDED ENTRY--PERSONAL NAME
Personal name Mirakhor, Abbas.
856 40 - ELECTRONIC LOCATION AND ACCESS
Uniform Resource Identifier http://site.ebrary.com/lib/rucke/Doc?id=10501364

No items available.

© 2026 Rongo University
Contact us: librarian | system librarian | Rongo university